| 000 | 01950nam a2200553 i 4500 | ||
|---|---|---|---|
| 001 | 38119 | ||
| 003 | KOSZ 005 | ||
| 005 | 20200212090930.0 | ||
| 008 | 001207s2000 pl a f |001 0 pol | ||
| 015 | _aPB 2000/22897 | ||
| 020 | _a8372790590 | ||
| 035 | _a991015300879705066 | ||
| 035 | _a(PL-WaBN)b14109256-48omnis_nlop | ||
| 035 | _ab14109256 | ||
| 035 | _a(OCoLC)751178016 | ||
| 035 | _a(PL)b0000001410925 | ||
| 035 | _a(EXLNZ-48OMNIS_NETWORK)9910480362605606 | ||
| 040 |
_aWA N _cWA N _dKOSZ 005/HR |
||
| 041 | 1 |
_apol _heng |
|
| 046 | _k2000 | ||
| 080 | _a004.451 | ||
| 080 | _a(07) | ||
| 100 | 1 |
_aLivingston, Brian. _eAutor |
|
| 245 | 1 | 0 |
_aSekrety Windows 2000 PL / _cBrian Livingston, Bruce Brown [oraz] Bruce Kratofil ; przekł. z jęz. ang. Dominik Najberg, Marek Korbecki. |
| 246 | 1 |
_iTyt. oryg.: _aWindows 2000 secrets, _f2000 |
|
| 260 |
_aWarszawa : _b"Mikom", _c2000. |
||
| 300 |
_a748 s. : _bil. ; _c24 cm. |
||
| 336 |
_2rdacontent _aTekst _btxt |
||
| 337 |
_2rdamedia _aBez urządzenia pośredniczącego _bn |
||
| 338 |
_2rdacarrier _aWolumin _bnc |
||
| 380 | _aKsiążki | ||
| 380 | _aPublikacje fachowe | ||
| 388 | _a1901-2000 | ||
| 388 | _a1989-2000 | ||
| 500 | _aNa okł.: unikatowe informacje o systemie : praktyczne porady, cenne wskazówki, nowe możliwości pracy w sieci. | ||
| 504 | _aIndeks. | ||
| 650 | 7 |
_aWindows 2000 _2DBN |
|
| 658 | _aInformatyka i technologie informacyjne | ||
| 655 | 7 |
_aPodręcznik _2DBN |
|
| 650 | 7 |
_aSystemy operacyjne _2DBN |
|
| 700 | 1 |
_aBrown, Bruce _d(1950- ) _eAutor |
|
| 700 | 1 |
_aKratofil, Bruce. _eAutor |
|
| 700 | 1 |
_aNajberg, Dominik. _eTłumaczenie |
|
| 710 | 2 |
_aWydawnictwo Mikom _4pbl |
|
| 700 | 1 |
_aKorbecki, Marek _eTłumaczenie |
|
| 856 |
_uhttp://koha.tu.koszalin.pl/cgi-bin/koha/opac-detail.pl?biblionumber=38119 _yKatalog online BPK |
||
| 942 |
_2UKD _cKS |
||
| 999 |
_c38119 _d38119 |
||